Word Ladder: Movie Title Quiz Stats

 Plays Quiz Updated Sep 11, 2012

Support Sporcle.
Go Orange.
Score 0/10 Timer 01:00
0 Plays Today
Hint 4-Letter Word % Correct
Grizzly, brown, black, or polar, e.g.BEAR
98.5%
North Carolina capeFEAR
95.1%
Fly like an eagle?SOAR
94.4%
Pig relativeBOAR
94.3%
Protest like Gandhi, perhapsFAST
93.3%
Rare achievementFEAT
87.1%
Oktober partyFEST
81.7%
True statementFACT
81.4%
What the Weeknd can't feel, in songFACE
60.8%
Permanent mark after surgerySCAR
58.6%

Today's Daily Dose

You're not logged in!

Compare scores with friends on all Sporcle quizzes.
OR
Log In

From the Vault

50 Oscar Flicks to Click

by icecreamlady

These films just really seem to click with each other.
Remove Ads.
Support Sporcle.
Get the best of Sporcle when you Go Orange. This ad-free experience offers more features, more stats, and more fun while also helping to support Sporcle. Thank you for becoming a member.

Show Comments

Extras

Top Quizzes Today


Score Distribution

Your Account Isn't Verified!

In order to create a playlist on Sporcle, you need to verify the email address you used during registration. Go to your Sporcle Settings to finish the process.

Report this User

Report this user for behavior that violates our Community Guidelines.

Details: